Niños hiperactivos (Record no. 136633)

MARC details
000 -LEADER
campo de control de longitud fija 00760nam a2200229 4500
001 - NÚMERO DE CONTROL
campo de control 136633
003 - IDENTIFICADOR DE NÚMERO DE CONTROL
campo de control ES-MaACL
005 - FECHA Y HORA DE LA ÚLTIMA TRANSACCIÓN
campo de control 20230906195203.0
007 - CAMPO FIJO DE DESCRIPCIÓN FÍSICA--INFORMACIÓN GENERAL
campo de control de longitud fija t|
008 - DATOS DE LONGITUD FIJA--INFORMACIÓN GENERAL
campo de control de longitud fija 070214s1979 sp r ||||1| spa d
100 1# - ENTRADA PRINCIPAL--NOMBRE DE PERSONA
Nombre de persona Safer, Daniel J.
9 (RLIN) 101391
245 10 - MENCIÓN DEL TÍTULO
Título Niños hiperactivos
Resto del título : diagnóstico y tratamiento /
Mención de responsabilidad, etc. Daniel J. Safer, Richard P. Allen ; palabras preliminares de Leon Eisenberg ; traducción de José Gil Díez.
260 ## - PUBLICACIÓN, DISTRIBUCIÓN, ETC.
Lugar de publicación, distribución, etc. Madrid :
Nombre del editor, distribuidor, etc. Santillana,
Fecha de publicación, distribución, etc. 1979.
300 ## - DESCRIPCIÓN FÍSICA
Extensión 314 p. :
Otras características físicas il. ;
Dimensiones 21 cm.
490 1# - MENCIÓN DE SERIE
Mención de serie Aula XXI
700 1# - ENTRADA AGREGADA--NOMBRE PERSONAL
Nombre de persona Allen, Richard P.
9 (RLIN) 20000
700 1# - ENTRADA AGREGADA--NOMBRE PERSONAL
Nombre de persona Eisenberg, Leon.
9 (RLIN) 46856
700 1# - ENTRADA AGREGADA--NOMBRE PERSONAL
Nombre de persona Gil Diez, José.
9 (RLIN) 187044
830 0# - PUNTO DE ACCESO ADICIONAL DE SERIE-TÍTULO UNIFORME
Título uniforme Aula XXI
9 (RLIN) 187045
852 ## - LOCALIZACIÓN
Ubicación ES-MaACL
Número de control de estantería A-10786
Sublocalización o colección R.99891
Holdings
Estatus retirado Estado de pérdida Estado de daño No para préstamo Biblioteca de origen Biblioteca actual Ubicación en estantería Fecha de adquisición Fuente de adquisición Total de préstamos Signatura topográfica completa Código de barras Visto por última vez Precio de reemplazo Tipo de ítem Koha
        Biblioteca del Ateneo de Madrid Biblioteca del Ateneo de Madrid Depósito 1 17/01/2008     A-10786 1142196 23/02/2023 23/02/2023 Libro impreso